| 000 | 00760nam a2200121Ia 4500 | ||
|---|---|---|---|
| 008 | 220620s9999||||xx |||||||||||||| ||und|| | ||
| 100 | _aTurri, John | ||
| 245 | 0 |
_aKnowledge and the Norm of Assertion _bAn Essay in Philosophical Science |
|
| 546 | _aEnglish[eng] | ||
| 650 | _aphilosophy||psychology||cognitive science||biology||assertion||language||knowledge||Meditations on First Philosophy||Presupposition||Social cognition||Social norm||Speech act||Turri | ||
| 856 | _uhttps://library.oapen.org/bitstream/20.500.12657/31245/1/633775.pdf||https://library.oapen.org/bitstream/20.500.12657/31245/1/633775.pdf||https://library.oapen.org/bitstream/20.500.12657/31245/1/633775.pdf||https://library.oapen.org/bitstream/20.500.12657/31245/1/633775.pdf | ||
| 942 | _cEB | ||
| 999 |
_c29156 _d29156 |
||